00943nam a2200205 a 450000100100000000500170001000800410002702000150006804000250008310000340010824500840014226000860022630000210031250000420033304900090037595201200038495201110050495201050061599900170072000002698720200930030530.0110328s2005 dr 000 0 spa d a9945405349 aDO-SdBNPbspacBNPHU1 aViguera Ozuna, Eugenio95408910aChaleco :bmemorias de un obrero de la construcción /cEugenio Viguera Ozuna. aSanto Domingo :bAyuntamiento Municipal de San Cristobal,c2005fEditora Manatí a239 p. ;c22 cm. aIncluye notas al pie de las páginas aBNPD 001054708DSaGRbGRcCTd2011-03-28iLF1l0o p26987-20r2020-06-25te. 3w2020-06-25yLFDSZPréstamo en sala 0010718PDaPDbPDcCTd2011-03-28iLF1l0o p26987-10r2020-06-25te. 2w2020-06-25yLFPDZNo se presta 0010718PDaPDbPDcCTd2011-03-29iLF1l0o p26987-30r2020-06-25w2020-06-25yLFPDZNo se presta c26479d26479